2026 FIFA World Cup - All Flags - Statistics

General Stats
  • This quiz has been taken 36 times
    35 since last reset
  • The average score is 38 of 42
Answer Stats
Picture Answer % Correct
Argentina
97%
Ghana
97%
New Zealand
97%
Norway
97%
Scotland
97%
Austria
94%
Brazil
94%
Croatia
94%
France
94%
Iran
94%
Japan
94%
Mexico
94%
Netherlands
94%
Panama
94%
Portugal
94%
South Africa
94%
Uruguay
94%
Belgium
90%
Canada
90%
Colombia
90%
Ecuador
90%
England
90%
Germany
90%
Morocco
90%
Qatar
90%
Saudi Arabia
90%
South Korea
90%
Spain
90%
Algeria
87%
Australia
87%
Egypt
87%
Paraguay
87%
Senegal
87%
Tunisia
87%
United States
87%
Uzbekistan
87%
Curaçao
84%
Switzerland
84%
Cape Verde
81%
Ivory Coast
81%
Jordan
81%
Haiti
74%
No matching quizzes found
Score Distribution
Percent of People with Each Score
Percentile by Number Answered
Your Score History
You have not taken this quiz since the last reset